Datum a čas kvízu
22
Celkem bodů
Celkový počet nahraných bodů na tomto kvízu bez doplňovacích otázek.
5.
Pořadí na kvízu
Konečné umístění týmu na tomto kvízu.
Zaznamenané odpovědi
| # | Otázka | Odpověď | Body | Výsledky |
|---|---|---|---|---|
| 1. | V úterý jsme si připomněli Den... | Ve Staré Boleslavi. | 0 | |
| 2. | Kuriózní rozuzlení měl případ... | V Turecku. | 0 | |
| 3. | Český rozhlas spustil minulý t... | Pohoda | 0 | |
| 4. | Provozovatel sociální sítě Ins... | Instagram Kids | 0 | |
| 5. | Jak se nazývá fotbalový tým, k... | Sheriff Tiraspol | 1 | |
| 6. | Pojďme se podívat na leváky, k... | B | 1 | |
| 7. | V roce 1956 se v Praze narodil... | Yonex | 1 | |
| 8. | Obyvatelé arktických oblastí U... | Inuité | 0 | |
| 9. | Leváka Boba, který se snaží op... | Jaromír Meduna | 0 | |
| 10. | Levákem byl i slavný vojevůdce... | Na Korsice. | 0 |